Maber (Job Tracker) / (Record no. 220582)
[ view plain ]
| 000 -LEADER | |
|---|---|
| fixed length control field | 00445nam a22001457a 4500 |
| 003 - CONTROL NUMBER IDENTIFIER | |
| control field | OSt |
| 005 - DATE AND TIME OF LATEST TRANSACTION | |
| control field | 20260324113507.0 |
| 008 - FIXED-LENGTH DATA ELEMENTS--GENERAL INFORMATION | |
| fixed length control field | 211115b ||||| |||| 00| 0 eng d |
| 040 ## - CATALOGING SOURCE | |
| Transcribing agency | AIMIT LIBRARY |
| 100 ## - MAIN ENTRY--PERSONAL NAME | |
| Personal name | Acharya, Suhag; Shetty, Annapoorna. |
| Dates associated with a name | 181736 |
| 9 (RLIN) | 10387 |
| 245 ## - TITLE STATEMENT | |
| Title | Maber (Job Tracker) / |
| 260 ## - PUBLICATION, DISTRIBUTION, ETC. | |
| Place of publication, distribution, etc. | Seo Pro Consulting Pvt Ltd Mangalore |
| Name of publisher, distributor, etc. | Annaoorna Shetty |
| Date of publication, distribution, etc. | 2021 |
| 856 ## - ELECTRONIC LOCATION AND ACCESS | |
| Uniform Resource Identifier | <a href="URL:https://www.serproconsulting.com">URL:https://www.serproconsulting.com</a> |
| 942 ## - ADDED ENTRY ELEMENTS (KOHA) | |
| Source of classification or shelving scheme | Dewey Decimal Classification |
| Koha item type | Project Report |
| Withdrawn status | Lost status | Source of classification or shelving scheme | Damaged status | Not for loan | Collection code | Home library | Current library | Date acquired | Source of acquisition | Total Checkouts | Barcode | Date last seen | Copy number | Uniform Resource Identifier | Price effective from | Koha item type |
|---|---|---|---|---|---|---|---|---|---|---|---|---|---|---|---|---|
| Dewey Decimal Classification | Not for loan | MCA | St Aloysius Institute of Management & Information Technology | St Aloysius Institute of Management & Information Technology | 11/15/2021 | MCA | PRC01183 | 11/15/2021 | 181736 | URL:https://www.seproconsulting.com | 11/15/2021 | Project Report |